• 首页
  • 本馆介绍
  • 公告通知
  • 最新文献
  • 馆藏检索
  • 电子资源
  • 读者导购
  • 参考咨询
  • 我的图书馆
  • 登录
  • 详细信息显示
  • 放入我的书架
  • 预约/预借图书
  • 作者相关作品
  • 分类相关作品
  • 丛书相关作品
  • 出版社相关作品

书目信息

  • 表格格式
  • 工作单格式
  • 卡片格式
题名:
现代思想库与科学决策
    
 
作者: 李光 编著
分册:  
出版信息: 北京   科学出版社  1991.05
页数: 266页
开本: 32开
丛书名: 软科学研究与应用书系
单 册:
中图分类: C934
科图分类:
主题词: 决策学
电子资源:
ISBN: 7-03-002262-9
000 00626nam0 2200217 45
001 0106111698
005 20031219104050.5
010    @a7-03-002262-9@dCNY6.20
100    @a20010611d1991 km y0chiy0120 ea
101 0  @achi
105    @a z 000yy
200 1  @a现代思想库与科学决策@AXian Dai Si Xiang Ku Yu Ke Xue Jue Ce@f李光编著@FLi Guang Bian Zhu
210    @a北京@c科学出版社@d1991.05
215    @a266页@d32开
225    @a软科学研究与应用书系
410    @12001 @a软科学研究与应用书系
606 0  @a决策学
690    @aC934@v4
701    @a李光@4编著
801    @aCN@bTSTC@c20010611
905    @f5@b298336-340@dC934@e109
    
    现代思想库与科学决策/李光编著.-北京:科学出版社,1991.05
    266页;32开.-(软科学研究与应用书系)
    
    
    ISBN 7-03-002262-9:CNY6.20
    
●
相关链接 在E读中查询图书 在五车中查询图书 在当当中查询图书 在豆瓣中查询图书


正题名:现代思想库与科学决策     索取号:C934/109         预约/预借

序号 登录号 条形码 馆藏地/架位号 状态 备注
1 0298336   202983361   教育系资料室/ [索取号:C934/109] 在馆    
2 0298337   202983370   教育系资料室/ [索取号:C934/109] 在馆    
3 0298338   202983389   第一借阅区/ [索取号:C934/109] 在馆    
4 0298339   202983398   第一借阅区/ [索取号:C934/109] 在馆    
5 0298340   202983405   第一样本阅览室/ [索取号:C934/109] 在馆    
唐山师范学院图书馆 欢迎您!
大连网信软件有限公司© 版权所有